| 000 | 00546nam a22002177a 4500 | ||
|---|---|---|---|
| 999 |
_c6237 _d6237 |
||
| 003 | OSt | ||
| 005 | 20190819110935.0 | ||
| 008 | 190819b ||||| |||| 00| 0 eng d | ||
| 020 | _a9781292178202 | ||
| 020 | _a1292178205 | ||
| 040 | _cddc | ||
| 082 | _a530 HIB 2018 | ||
| 100 |
_aHibbeler, R.C. _912293 |
||
| 245 | _aMechanics of Materials | ||
| 250 | _a10th ed. | ||
| 260 |
_aUK; _bPearson, _c2018 |
||
| 300 |
_a892p; _bcol.ill: _c24cm |
||
| 504 | _aAppendices, answers, & index included | ||
| 650 |
_aMechanics _9819 |
||
| 942 |
_2ddc _cBOOK |
||